Culture Générale - Série 1008 - Statistiques

Statistiques générales
  • Ce quiz a été pris 209 fois
  • Le résultat moyen est 7 sur 10
Statistiques - réponses
Question Réponse % Correct
Complétez le titre d'un recueil de poèmes de Charles Baudelaire : "Les Fleurs du... mal
97%
À quel alcaloïde du tabac, huileux, incolore et excitant du système neurovégétatif, Jean Nicot a-t-il donné son nom ? nicotine
93%
Quel adjectif de quatre lettres qualifie le mardi qui précède le carême ? gras
92%
D'après le nom d'un héros de cape et d'épée, quelle fleur est associée à Fanfan ? tulipe
88%
Qui a réalisé : "Star Wars : Episode I – La Menace fantôme", en 1999 ? George Lucas
58%
Quel nom composé d'origine anglaise désigne les personnalités de la vie mondaine internationale ? Jet-set
58%
En 1973, quel acteur américain, d'origine sicilienne, joue le rôle de Serpico, un policier new-yorkais incorruptible ? Al Pacino
46%
Quelle est la capitale du Belize ? Belmopan
46%
De quel groupe, à qui l'on doit l'album "The No Comprendo", Fred Chichin était-il le guitariste ? Les Rita Mitsouko
45%
Quel est le nom de la chanteuse écossaise surnommée "l'ange velu", révélée en 2009 par l'émission "Britain's Got Talent" ? Susan Boyle
34%
Aucun quiz correspondant
Distribution des résultats
% des personnes avec chaque résultat
Percentile par nombre de réponses
Votre historique - résultats
Vous n’avez pas pris ce quiz